Mythologie grecque : Les 9 muses - Statistiques

Statistiques générales
  • Ce quiz a été pris 242 fois
  • Le résultat moyen est 6 sur 9
Statistiques - réponses
domaine nom % Correct
Histoire Clio
88%
Astronomie Uranie
75%
Poésie épique Calliope
68%
Poésie lyrique et érotique Érato
65%
Musique Euterpe
61%
Comédie Thalie
61%
Danse Terpsichore
60%
Chant et tragédie Melpomène
59%
Rhétorique Polymnie
50%
Aucun quiz correspondant
Distribution des résultats
% des personnes avec chaque résultat
Percentile par nombre de réponses
Votre historique - résultats
Vous n’avez pas pris ce quiz